| 000 | 00367nam a22001337a 4500 | ||
|---|---|---|---|
| 082 |
_a891.4393 _bQUD _cN-1, P-50 |
||
| 100 |
_aQudrat Ullah Shahab _99763 |
||
| 245 |
_aیا خدا _cQudrat Ullah Shahab |
||
| 260 |
_aLahore _bSang e meel _c1999 |
||
| 300 |
_a102 p. _btext _c22 cm |
||
| 526 |
_a0 _b0 _c0 _d891_439300000000000_QUD |
||
| 650 |
_aNUST _96342 |
||
| 942 |
_2ddc _cBK |
||
| 999 |
_c550561 _d550561 |
||